[Event "Mittelfrankenliga-B2a 0708"]
[Site "Mittelfranken"]
[Date "2008.02.17"]
[Round "6.1"]
[White "Rohrbach, Frank"]
[Black "Guenther, Torsten"]
[Result "0-1"]
[WhiteElo "1996"]
[BlackElo "2023"]
[PlyCount "78"]
[EventDate "2007.10.14"]
[EventType "team-tourn"]
[EventRounds "9"]
[EventCountry "GER"]
[SourceTitle "EXT 2011"]
[Source "ChessBase"]
[SourceDate "2010.11.26"]
[SourceVersion "1"]
[SourceVersionDate "2010.11.26"]
[SourceQuality "1"]
[WhiteTeam "Eckental"]
[BlackTeam "Erlangen Siemens"]
[WhiteTeamCountry "GER"]
[BlackTeamCountry "GER"]

1. d4 Nf6 2. c4 e6 3. Nf3 b6 4. g3 Bb7 5. Bg2 Bb4+ 6. Bd2 Bxd2+ 7. Qxd2 0-0 8. Nc3 d6 9. 0-0 Ne4 10. Nxe4 Bxe4 11. Qf4 Bb7 12. Rfd1 Nd7 13. Rac1 Qf6 14. Qe3 Rfe8 15. c5 dxc5 16. Ne5 Bxg2 17. Nxd7 Qe7 18. Kxg2 Qxd7 19. dxc5 Qe7 20. Qe4 Rad8 21. Qb7 Rxd1 22. Rxd1 Rd8 23. cxb6 axb6 24. Rc1 Rd7 25. Qc8+ Rd8 26. Qxc7 Qf6 27. Qxb6 h6 28. Rc2 Rd5 29. Qe3 Qd8 30. b4 Qa8 31. f3 Rd1 32. Rb2 Ra1 33. Qb3 Qa7 34. e3 Qa6 35. b5 Qa5 36. Rb1 Qd2+ 37. Kh3 Rxa2 38. Kg4 f5+ 39. Kf4 Qd6# 0-1

[Event "Mittelfrankenliga-B2a 0506"]
[Site "Germany"]
[Date "2006.04.30"]
[Round "9.1"]
[White "Rohrbach, Frank"]
[Black "Kuhlmann, Christoph"]
[Result "1/2-1/2"]
[WhiteElo "2097"]
[BlackElo "2079"]
[PlyCount "79"]
[EventDate "2005.10.16"]
[EventType "team"]
[EventRounds "9"]
[EventCountry "GER"]
[SourceTitle "EXT 2007"]
[Source "ChessBase"]
[SourceDate "2006.11.23"]
[SourceVersion "1"]
[SourceVersionDate "2006.11.23"]
[SourceQuality "1"]

1. d4 g6 2. e4 Bg7 3. c4 d6 4. Nc3 e5 5. dxe5 dxe5 6. Qxd8+ Kxd8 7. Be2 c6 8. Be3 Nd7 9. Nf3 Bh6 10. Bxh6 Nxh6 11. h4 f6 12. Na4 Nf7 13. 0-0 Nf8 14. c5 Bg4 15. Nd4 Bxe2 16. Nxe2 Ne6 17. Rac1 Ke7 18. Rc4 Rhd8 19. Rb4 Rd7 20. f3 Nfd8 21. Rc1 Rd2 22. Kf1 Nf4 23. Nxf4 exf4 24. Nc3 h6 25. Ne2 a5 26. Ra4 Ne6 27. b4 Rb2 28. bxa5 Rb5 29. h5 g5 30. Nd4 Nxd4 31. Rxd4 Rd8 32. Rxd8 Kxd8 33. Rc2 Rxa5 34. Ke2 Rb5 35. Kd3 Ke7 36. Kc4 Rb1 37. Rd2 Rc1+ 38. Kd4 Rb1 39. Kc3 Rc1+ 40. Kd4 1/2-1/2

[Event "Mittelfrankenliga-B2a 0506"]
[Site "Germany"]
[Date "2006.01.15"]
[Round "4.2"]
[White "Koschka, Robert"]
[Black "Rohrbach, Frank"]
[Result "0-1"]
[WhiteElo "1834"]
[BlackElo "2079"]
[PlyCount "96"]
[EventDate "2005.10.16"]
[EventType "team"]
[EventRounds "9"]
[EventCountry "GER"]
[SourceTitle "EXT 2007"]
[Source "ChessBase"]
[SourceDate "2006.11.23"]
[SourceVersion "1"]
[SourceVersionDate "2006.11.23"]
[SourceQuality "1"]

1. e4 c5 2. b3 Nc6 3. Bb2 e6 4. d3 b6 5. g3 Bb7 6. Bg2 Nge7 7. Ne2 Ng6 8. f4 f6 9. c4 Bd6 10. a3 a6 11. 0-0 Rb8 12. Nd2 Ba8 13. Rb1 b5 14. Ba1 Bc7 15. Re1 0-0 16. Nf3 Ba5 17. Rf1 Qe7 18. Qc2 Rfc8 19. Bh3 Rc7 20. Bg2 Nd8 21. Bc3 Bxc3 22. Qxc3 d5 23. Nd2 Qd6 24. Qc2 dxc4 25. dxc4 Nc6 26. Nf3 e5 27. f5 Nge7 28. Nc3 Nd4 29. Nxd4 cxd4 30. Na2 Rbc8 31. Rfc1 Qxa3 32. Qe2 h6 33. Rc2 bxc4 34. Rxc4 d3 35. Qb2 Qxb2 36. Rxb2 Rxc4 37. bxc4 Rxc4 38. Nb4 Bxe4 39. Bxe4 Rxe4 40. Nxd3 Rd4 41. Nc5 a5 42. Rb8+ Kh7 43. Rb7 Nxf5 44. Ne6 Rd1+ 45. Kf2 h5 46. Ra7 Rd6 47. Nc5 Rd2+ 48. Kg1 Nd4 0-1

[Event "Mittelfrankenliga-B2a 0506"]
[Site "Germany"]
[Date "2005.10.16"]
[Round "1.2"]
[White "Rohrbach, Frank"]
[Black "Dereser, Marc"]
[Result "1-0"]
[WhiteElo "2079"]
[BlackElo "1851"]
[PlyCount "79"]
[EventDate "2005.10.16"]
[EventType "team"]
[EventRounds "9"]
[EventCountry "GER"]
[SourceTitle "EXT 2007"]
[Source "ChessBase"]
[SourceDate "2006.11.23"]
[SourceVersion "1"]
[SourceVersionDate "2006.11.23"]
[SourceQuality "1"]

1. d4 Nf6 2. c4 e6 3. g3 d5 4. Bg2 c6 5. Nf3 Bb4+ 6. Bd2 Qa5 7. 0-0 Ne4 8. Bf4 Nd7 9. Qc2 Ndf6 10. Ne5 0-0 11. c5 Nd7 12. Nd3 b6 13. Bc7 Ba6 14. Nc1 Rac8 15. Bxe4 dxe4 16. Bd6 Rfe8 17. a3 bxc5 18. Nb3 Qb6 19. dxc5 Bxc5 20. Nxc5 Nxc5 21. Bxc5 Qb5 22. Re1 f5 23. b4 Rc7 24. Nc3 Qc4 25. Red1 Bc8 26. Rd4 Qa6 27. Rd6 Qb7 28. Rad1 Rd7 29. Rxd7 Bxd7 30. Qd2 Bc8 31. Qg5 Qc7 32. Bd6 Qb6 33. Be5 Qb7 34. Na4 Qf7 35. Nc5 h6 36. Qd2 Rf8 37. Qd6 Qe8 38. Qc7 Qf7 39. Qxc6 Kh7 40. Qc7 1-0

[Event "Mittelfranken-chT 0405"]
[Site "Germany"]
[Date "2005.04.03"]
[Round "8.1"]
[White "Rohrbach, Frank"]
[Black "Seitz, Hans"]
[Result "1/2-1/2"]
[WhiteElo "2095"]
[BlackElo "2057"]
[PlyCount "69"]
[EventDate "2004.10.17"]
[EventType "team"]
[EventRounds "9"]
[EventCountry "GER"]
[SourceTitle "EXT 2007"]
[Source "ChessBase"]
[SourceDate "2006.11.23"]
[SourceVersion "1"]
[SourceVersionDate "2006.11.23"]
[SourceQuality "1"]

1. d4 d5 2. c4 c6 3. Nf3 Nf6 4. Nc3 dxc4 5. a4 Bf5 6. e3 e6 7. Bxc4 Bb4 8. 0-0 0-0 9. Nh4 Bg4 10. f3 Bh5 11. g4 Nd5 12. Qe1 Be7 13. Ng2 Bg6 14. Qe2 Nd7 15. e4 Nb4 16. Be3 Qc8 17. f4 h6 18. f5 exf5 19. exf5 Bh7 20. Bxh6 Bf6 21. Be3 Re8 22. Qd2 Nb6 23. Bb3 Qd7 24. Bf2 N6d5 25. Rad1 Bd8 26. Nf4 Bg5 27. Ncxd5 Nxd5 28. Bxd5 cxd5 29. Bg3 Qxa4 30. Qg2 Bxf4 31. Bxf4 Re4 32. Qf2 Qd7 33. Rd3 Rae8 34. Qh4 Qa4 35. Qf2 1/2-1/2

[Event "Mittelfranken-chT 0405"]
[Site "Germany"]
[Date "2005.02.27"]
[Round "6.1"]
[White "Brunner, Wolfgang"]
[Black "Rohrbach, Frank"]
[Result "1/2-1/2"]
[WhiteElo "1945"]
[BlackElo "2095"]
[PlyCount "55"]
[EventDate "2004.10.17"]
[EventType "team"]
[EventRounds "9"]
[EventCountry "GER"]
[SourceTitle "EXT 2007"]
[Source "ChessBase"]
[SourceDate "2006.11.23"]
[SourceVersion "1"]
[SourceVersionDate "2006.11.23"]
[SourceQuality "1"]

1. d4 Nf6 2. c4 c5 3. d5 e6 4. Nc3 exd5 5. Nxd5 Nxd5 6. Qxd5 d6 7. Nf3 Be7 8. e3 0-0 9. Be2 Nd7 10. 0-0 Nb6 11. Qd2 d5 12. cxd5 Qxd5 13. Rd1 Qf5 14. b3 Be6 15. Bd3 Qh5 16. Bb2 Rfd8 17. Qe2 Bd6 18. Ne5 Qh6 19. Be4 Rab8 20. h3 Qg5 21. Rxd6 Rxd6 22. Nf3 Qe7 23. Be5 Rbd8 24. Bxd6 Rxd6 25. Qc2 h6 26. Bd3 Qd8 27. Be4 Qc7 28. Nd4 1/2-1/2

[Event "Mittelfranken-chT 0405"]
[Site "Germany"]
[Date "2004.10.17"]
[Round "1.1"]
[White "Rohrbach, Frank"]
[Black "Goetz, Dieter"]
[Result "1-0"]
[WhiteElo "2104"]
[BlackElo "1862"]
[PlyCount "69"]
[EventDate "2004.10.17"]
[EventType "team"]
[EventRounds "9"]
[EventCountry "GER"]
[SourceTitle "EXT 2007"]
[Source "ChessBase"]
[SourceDate "2006.11.23"]
[SourceVersion "1"]
[SourceVersionDate "2006.11.23"]
[SourceQuality "1"]

1. d4 Nf6 2. Nf3 d6 3. c4 Nbd7 4. Nc3 e5 5. e4 Be7 6. Be2 0-0 7. 0-0 Re8 8. Re1 c6 9. Bf1 Qc7 10. Rb1 Nf8 11. h3 Ng6 12. b4 h6 13. Be3 Nh7 14. Qd2 Bf6 15. d5 Qe7 16. c5 dxc5 17. d6 Qd8 18. bxc5 Ng5 19. Nxg5 Bxg5 20. Bxg5 hxg5 21. Red1 Nf8 22. Bc4 b5 23. Nxb5 cxb5 24. Bxb5 Rb8 25. Bxe8 Rxb1 26. Bxf7+ Kxf7 27. Rxb1 Nd7 28. Qd5+ Kf6 29. Rb3 Qa5 30. Rf3+ Kg6 31. Qf7+ Kh7 32. Qh5+ Kg8 33. Qe8+ Kh7 34. Qxc8 Nxc5 35. Rf8 1-0

[Event "Landesliga Nord 0001"]
[Site "Bayern"]
[Date "2001.03.11"]
[Round "7"]
[White "Rohrbach, Frank"]
[Black "Loos, Roland"]
[Result "0-1"]
[WhiteElo "2060"]
[BlackElo "2175"]
[PlyCount "128"]
[EventDate "2000.10.15"]
[EventType "team-tourn"]
[EventRounds "9"]
[EventCountry "GER"]
[SourceTitle "EXT 2020"]
[Source "ChessBase"]
[SourceDate "2019.10.17"]
[SourceVersion "1"]
[SourceVersionDate "2019.10.17"]
[SourceQuality "1"]
[WhiteTeam "Erlangen TB"]
[BlackTeam "Neutraubling Wacker"]
[WhiteTeamCountry "GER"]
[BlackTeamCountry "GER"]

1. d4 Nf6 2. c4 e6 3. Nf3 b6 4. g3 Ba6 5. b3 Bb4+ 6. Bd2 Be7 7. Bg2 0-0 8. 0-0 d5 9. Bc3 Nbd7 10. Nbd2 c5 11. dxc5 Bxc5 12. b4 Be7 13. Nd4 Rc8 14. b5 Bb7 15. Bb2 Rc7 16. cxd5 Nxd5 17. a4 Qa8 18. N2b3 a5 19. bxa6 Qxa6 20. Nb5 Rc4 21. N3d4 Rfc8 22. Nf5 Bf8 23. Nfd6 Rc2 24. Nxc8 Rxb2 25. Ncd6 Bxd6 26. Nxd6 Ba8 27. Qd3 Qxd3 28. exd3 Nc5 29. Rfc1 Kf8 30. Ra3 Rb4 31. Ne4 Ke7 32. a5 Nb3 33. Rc8 Bb7 34. Rb8 bxa5 35. Nc3 Nd4 36. Nxd5+ Bxd5 37. Rxb4 axb4 38. Ra4 Bxg2 39. Rxb4 Nc2 40. Rc4 Ne1 41. Rc1 Nxd3 42. Rc3 Be4 43. Kf1 g5 44. f3 Bf5 45. Rc7+ Kf6 46. Ke2 Nb4 47. Ra7 Nd5 48. Kf2 Bd3 49. Ra3 Bb5 50. Ra7 Bc6 51. Ra6 Ne7 52. Rb6 Bd5 53. Rd6 Nc6 54. Rd7 Ne5 55. Ra7 Nxf3 56. h3 h5 57. Rc7 Ne5 58. Ra7 Nd3+ 59. Ke3 Nc5 60. Kd4 Ne4 61. Ra3 Nf2 62. h4 gxh4 63. gxh4 Ng4 64. Ra7 Nh6 0-1

[Event "Landesliga Nord 9900"]
[Site "Bayern"]
[Date "2000.03.12"]
[Round "7.3"]
[White "Rohrbach, Frank"]
[Black "Stoessel, Horst"]
[Result "1/2-1/2"]
[WhiteElo "2075"]
[BlackElo "2015"]
[PlyCount "56"]
[EventDate "1999.10.10"]
[EventType "team-tourn"]
[EventRounds "9"]
[EventCountry "GER"]
[SourceTitle "EXT 2020"]
[Source "ChessBase"]
[SourceDate "2019.10.17"]
[SourceVersion "1"]
[SourceVersionDate "2019.10.17"]
[SourceQuality "1"]
[WhiteTeam "Erlangen TB"]
[BlackTeam "Nuernberg Sued SW"]
[WhiteTeamCountry "GER"]
[BlackTeamCountry "GER"]

1. d4 Nf6 2. c4 e6 3. g3 Bb4+ 4. Bd2 Qe7 5. Bg2 Nc6 6. Nf3 Ne4 7. 0-0 Bxd2 8. Nfxd2 Nxd2 9. Qxd2 0-0 10. Rd1 d6 11. Nc3 Bd7 12. b4 Nd8 13. a4 f5 14. a5 Rb8 15. b5 Nf7 16. b6 cxb6 17. axb6 a6 18. Qa2 Rfc8 19. Qb3 Be8 20. Ra5 Qf6 21. e3 Nd8 22. Raa1 Kh8 23. Rdc1 g5 24. Qb4 Qe7 25. Ne2 Bh5 26. Nc3 Be8 27. Ne2 Bh5 28. Nc3 Be8 1/2-1/2

[Event "Landesliga Nord 9900"]
[Site "Bayern"]
[Date "1999.12.12"]
[Round "3.4"]
[White "Staub, Florian"]
[Black "Rohrbach, Frank"]
[Result "1-0"]
[WhiteElo "1980"]
[BlackElo "2075"]
[PlyCount "57"]
[EventDate "1999.10.10"]
[EventType "team-tourn"]
[EventRounds "9"]
[EventCountry "GER"]
[SourceTitle "EXT 2020"]
[Source "ChessBase"]
[SourceDate "2019.10.17"]
[SourceVersion "1"]
[SourceVersionDate "2019.10.17"]
[SourceQuality "1"]
[WhiteTeam "Obernburg"]
[BlackTeam "Erlangen TB"]
[WhiteTeamCountry "GER"]
[BlackTeamCountry "GER"]

1. c4 g6 2. Nc3 Bg7 3. g3 d6 4. Bg2 e5 5. d3 f5 6. e4 Nf6 7. exf5 gxf5 8. Bg5 c6 9. Nf3 0-0 10. 0-0 Be6 11. Qd2 Kh8 12. Rfe1 Qd7 13. c5 Nd5 14. Bh6 f4 15. Bxg7+ Qxg7 16. cxd6 Nd7 17. d4 e4 18. Rxe4 Bf5 19. Ree1 N7f6 20. Nxd5 Nxd5 21. Nh4 Bg4 22. Bxd5 cxd5 23. Re7 Qh6 24. Rc1 Bh3 25. Rcc7 Qxh4 26. gxh4 Rg8+ 27. Rg7 Raf8 28. Qd3 Bf5 29. Qxf5 1-0

[Event "GER Cup region"]
[Site "Germany"]
[Date "1999.??.??"]
[Round "3"]
[White "Rohrbach, Frank"]
[Black "Kirbach, Thomas"]
[Result "0-1"]
[WhiteElo "2095"]
[BlackElo "1990"]
[PlyCount "66"]
[EventDate "1999.??.??"]
[EventType "team"]
[EventRounds "2"]
[EventCountry "GER"]
[SourceTitle "EXT 2004"]
[Source "ChessBase"]
[SourceDate "2003.11.25"]
[SourceVersion "1"]
[SourceVersionDate "2003.11.25"]
[SourceQuality "1"]

1. d4 Nf6 2. c4 g6 3. Nc3 Bg7 4. e4 0-0 5. Nf3 d6 6. Be2 e5 7. 0-0 Nc6 8. d5 Ne7 9. Nd2 Nd7 10. b4 f5 11. Ba3 Nf6 12. c5 Rf7 13. f3 f4 14. Nc4 g5 15. b5 Ne8 16. Bb4 Ng6 17. Qb3 Bf8 18. cxd6 cxd6 19. Qa3 b6 20. Qb3 h5 21. h3 Rg7 22. Nd1 Nh4 23. Nf2 Qf6 24. a4 Qh6 25. a5 Rb8 26. Rfd1 g4 27. fxg4 hxg4 28. Bxg4 Nf6 29. axb6 axb6 30. Ra2 Nxg4 31. hxg4 f3 32. gxf3 Qf4 33. Nh3 Qg3+ 0-1

[Event "Landesliga Nord 9798"]
[Site "Bayern"]
[Date "1998.??.??"]
[Round "?.6"]
[White "Rohrbach, Frank"]
[Black "Kammer, Christoph"]
[Result "1-0"]
[WhiteElo "2030"]
[BlackElo "2075"]
[PlyCount "53"]
[EventDate "1997.10.19"]
[EventType "team-tourn"]
[EventRounds "9"]
[EventCountry "GER"]
[SourceTitle "EXT 2020"]
[Source "ChessBase"]
[SourceDate "2019.10.17"]
[SourceVersion "1"]
[SourceVersionDate "2019.10.17"]
[SourceQuality "1"]
[WhiteTeam "Erlangen TB"]
[BlackTeam "Regensburg DJK II"]
[WhiteTeamCountry "GER"]
[BlackTeamCountry "GER"]

1. d4 Nf6 2. c4 c5 3. d5 b5 4. cxb5 a6 5. b6 Qxb6 6. Nc3 Bb7 7. e4 e6 8. Nf3 Be7 9. Be2 0-0 10. 0-0 d6 11. dxe6 fxe6 12. Bc4 Nxe4 13. Bxe6+ Kh8 14. Nd5 Qd8 15. Re1 Ng5 16. Nxg5 Bxg5 17. Qh5 Bxc1 18. Raxc1 g6 19. Qh6 Nd7 20. Bg8 Rxg8 21. Re7 Qxe7 22. Nxe7 Rg7 23. Re1 Ne5 24. f4 Nd3 25. Re3 Nxb2 26. f5 gxf5 27. Qf6 1-0

[Event "Landesliga Nord 9596"]
[Site "Bayern"]
[Date "1996.??.??"]
[Round "?"]
[White "Reinhart, Harald"]
[Black "Rohrbach, Frank"]
[Result "1-0"]
[WhiteElo "2070"]
[BlackElo "2080"]
[PlyCount "61"]
[EventDate "1995.10.??"]
[EventType "team-tourn"]
[EventRounds "9"]
[EventCountry "GER"]
[SourceTitle "EXT 2020"]
[Source "ChessBase"]
[SourceDate "2019.10.17"]
[SourceVersion "1"]
[SourceVersionDate "2019.10.17"]
[SourceQuality "1"]
[WhiteTeam "Obernburg"]
[BlackTeam "Erlangen TB"]
[WhiteTeamCountry "GER"]
[BlackTeamCountry "GER"]

1. d4 Nf6 2. Nf3 c5 3. e3 g6 4. Nbd2 Bg7 5. b3 0-0 6. Bb2 b6 7. Bd3 Nc6 8. a3 Bb7 9. 0-0 cxd4 10. exd4 Qc7 11. Re1 e6 12. c4 d5 13. Rc1 Rac8 14. Ne5 Qe7 15. Ndf3 Rfd8 16. Qe2 Na5 17. Qd1 Nc6 18. Nxc6 Bxc6 19. Ne5 Bb7 20. Qe2 Qd6 21. c5 Qe7 22. c6 Ba8 23. b4 Ne8 24. b5 Nc7 25. a4 Re8 26. Ra1 a6 27. Nd7 axb5 28. axb5 Nxb5 29. Bxb5 Bxc6 30. Bxc6 Rxc6 31. Ne5 1-0

[Event "Landesliga Nord 9596"]
[Site "Bayern"]
[Date "1996.??.??"]
[Round "?"]
[White "Rohrbach, Frank"]
[Black "Fischer, Franz"]
[Result "1/2-1/2"]
[WhiteElo "2080"]
[BlackElo "1585"]
[PlyCount "44"]
[EventDate "1995.10.??"]
[EventType "team-tourn"]
[EventRounds "9"]
[EventCountry "GER"]
[SourceTitle "EXT 2020"]
[Source "ChessBase"]
[SourceDate "2019.10.17"]
[SourceVersion "1"]
[SourceVersionDate "2019.10.17"]
[SourceQuality "1"]
[WhiteTeam "Erlangen TB"]
[BlackTeam "Cham"]
[WhiteTeamCountry "GER"]
[BlackTeamCountry "GER"]

1. d4 g6 2. e4 Bg7 3. Nf3 d6 4. Be2 Nf6 5. Nc3 0-0 6. 0-0 c6 7. a4 Nbd7 8. Bf4 Qc7 9. h3 e5 10. Bh2 Kh8 11. Qd2 Ng8 12. dxe5 dxe5 13. Rfd1 f6 14. b4 a5 15. b5 Nc5 16. Rab1 Bd7 17. Bc4 Rfd8 18. Qe3 Ne6 19. bxc6 bxc6 20. Qb6 Qxb6 21. Rxb6 Nc5 22. Kf1 Ne7 1/2-1/2

[Event "Landesliga Nord 9596"]
[Site "Bayern"]
[Date "1996.??.??"]
[Round "?"]
[White "Rohrbach, Frank"]
[Black "Gazmaga, Stefan"]
[Result "0-1"]
[WhiteElo "2080"]
[BlackElo "2130"]
[PlyCount "64"]
[EventDate "1995.10.??"]
[EventType "team-tourn"]
[EventRounds "9"]
[EventCountry "GER"]
[SourceTitle "EXT 2020"]
[Source "ChessBase"]
[SourceDate "2019.10.17"]
[SourceVersion "1"]
[SourceVersionDate "2019.10.17"]
[SourceQuality "1"]
[WhiteTeam "Erlangen TB"]
[BlackTeam "Regensburg DJK II"]
[WhiteTeamCountry "GER"]
[BlackTeamCountry "GER"]

1. d4 Nf6 2. c4 e6 3. Nf3 d5 4. g3 dxc4 5. Bg2 Nc6 6. 0-0 Rb8 7. Nc3 a6 8. e4 Be7 9. d5 Nb4 10. Ne5 exd5 11. exd5 Bf5 12. Qf3 Bg6 13. Bg5 0-0 14. Rad1 Bh5 15. g4 Nxg4 16. Bxe7 Nxe5 17. Qxh5 Qxe7 18. Rfe1 f6 19. d6 cxd6 20. f4 Qf7 21. Qh3 Ned3 22. Rxd3 Nxd3 23. Bd5 Nxe1 24. Qd7 Nd3 25. f5 Nxb2 26. Qxd6 Qxd5 27. Nxd5 Rbd8 28. Ne7+ Kh8 29. Qb4 Rd1+ 30. Kg2 Rfd8 31. Qxb7 c3 32. Nc6 c2 0-1

[Event "Mittelfranken-ch"]
[Site "Roethenbach"]
[Date "1996.??.??"]
[Round "8"]
[White "Rohrbach, Frank"]
[Black "Heimrath, Reiner"]
[Result "0-1"]
[WhiteElo "2095"]
[BlackElo "2160"]
[PlyCount "58"]
[EventDate "1996.??.??"]
[EventType "swiss"]
[EventRounds "9"]
[EventCountry "GER"]
[SourceTitle "EXT 2004"]
[Source "ChessBase"]
[SourceDate "2003.11.25"]
[SourceVersion "1"]
[SourceVersionDate "2003.11.25"]
[SourceQuality "1"]

1. d4 Nf6 2. c4 c5 3. d5 Ne4 4. Qc2 Qa5+ 5. Nd2 f5 6. f3 Nd6 7. b3 Na6 8. Bb2 e6 9. Bc3 Qd8 10. e4 Qg5 11. a3 b6 12. 0-0-0 Bb7 13. Nh3 Qh6 14. Bd3 Be7 15. dxe6 dxe6 16. exf5 0-0 17. fxe6 Nc7 18. Nf2 b5 19. Ng4 Qh4 20. Rhe1 bxc4 21. Nxc4 Ndb5 22. Be4 Nxc3 23. Qxc3 Bxe4 24. Rxe4 Rad8 25. Rd7 Nb5 26. Qe5 Rde8 27. g3 Qh3 28. Re1 Nd4 29. Rb7 Nxf3 0-1

[Event "Mittelfranken-ch Nord HT"]
[Site "Roethenbach"]
[Date "1996.??.??"]
[Round "4"]
[White "Rohrbach, Frank"]
[Black "Schaeffner, Claus"]
[Result "0-1"]
[WhiteElo "2235"]
[BlackElo "2220"]
[PlyCount "36"]
[EventDate "1996.??.??"]
[EventType "swiss"]
[EventRounds "7"]
[EventCountry "GER"]
[SourceTitle "EXT 2004"]
[Source "ChessBase"]
[SourceDate "2003.11.25"]
[SourceVersion "1"]
[SourceVersionDate "2003.11.25"]
[SourceQuality "1"]

1. d4 d5 2. c4 c6 3. Nf3 Nf6 4. Nc3 e6 5. e3 Nbd7 6. Qc2 Bd6 7. Bd2 0-0 8. h3 Qe7 9. g4 dxc4 10. g5 Nd5 11. Bxc4 Re8 12. h4 Nb4 13. Qe4 e5 14. g6 hxg6 15. Ng5 Nf6 16. Qxg6 Be6 17. Bxe6 Qxe6 18. Nce4 fxg6 0-1

[Event "Mittelfranken-ch"]
[Site "Roethenbach"]
[Date "1996.??.??"]
[Round "2"]
[White "Rohrbach, Frank"]
[Black "Schatz, Christian"]
[Result "1/2-1/2"]
[WhiteElo "2095"]
[BlackElo "2155"]
[PlyCount "48"]
[EventDate "1996.??.??"]
[EventType "swiss"]
[EventRounds "9"]
[EventCountry "GER"]
[SourceTitle "EXT 2004"]
[Source "ChessBase"]
[SourceDate "2003.11.25"]
[SourceVersion "1"]
[SourceVersionDate "2003.11.25"]
[SourceQuality "1"]

1. d4 Nf6 2. c4 g6 3. Nc3 Bg7 4. e4 d6 5. Nf3 0-0 6. Be2 Bg4 7. Be3 Nc6 8. Rc1 Nd7 9. d5 Bxf3 10. Bxf3 Na5 11. Be2 c5 12. 0-0 Qb6 13. Na4 Qc7 14. Qd2 Rab8 15. Bh6 a6 16. Bxg7 Kxg7 17. Rc3 h6 18. Rh3 Rh8 19. Nc3 Nf6 20. f4 b5 21. e5 dxe5 22. d6 Qxd6 23. Qxd6 exd6 24. fxe5 Nd7 1/2-1/2